1950s Literature Match Quiz Stats

 Plays Quiz Updated Jan 31, 2016

Challenge
Share
Tweet
Score 0/20 Timer 04:00
1 Play Today
% Correct
The Fellowship of the Ring
98.1%
The Cat in the Hat
97.7%
The Catcher in the Rye
96.5%
The Old Man and the Sea
95.9%
Casino Royale
93.8%
Charlotte's Web
92.2%
Fahrenheit 451
91.1%
Lord of the Flies
89.8%
East of Eden
89.2%
Atlas Shrugged
87.5%
% Correct
On the Road
86.7%
Lolita
85.6%
Doctor Zhivago
82.9%
Waiting for Godot
75.8%
The Quiet American
61.3%
Things Fall Apart
53.5%
A Raisin in the Sun
52.4%
Under Milk Wood
47.8%
A Good Man Is Hard to Find
46.9%
Nectar in a Sieve
37.3%

You're not logged in!

Compare scores with friends on all Sporcle quizzes.
OR
Log In

You Might Also Like...

Show Comments

Extras

Top Quizzes Today


Score Distribution

Your Account Isn't Verified!

In order to create a playlist on Sporcle, you need to verify the email address you used during registration. Go to your Sporcle Settings to finish the process.

Report this User

Report this user for behavior that violates our Community Guidelines.

Details: